000
00193 a2200097 4500
020
_a
9780439850605
041
_a
eng
100
_a
Tobbia,Ann
245
_a
be My friend floppy puppy
942
_c
BK
999
_c
31859
_d
31857